<?xml version="1.0" encoding="UTF-8"?><?xml-stylesheet type="text/xsl" href="static/style.xsl"?><OAI-PMH xmlns="http://www.openarchives.org/OAI/2.0/" xmlns:xsi="http://www.w3.org/2001/XMLSchema-instance" xsi:schemaLocation="http://www.openarchives.org/OAI/2.0/ http://www.openarchives.org/OAI/2.0/OAI-PMH.xsd"><responseDate>2026-04-27T19:49:09Z</responseDate><request verb="GetRecord" identifier="oai:uvadoc.uva.es:10324/7539" metadataPrefix="marc">https://uvadoc.uva.es/oai/request</request><GetRecord><record><header><identifier>oai:uvadoc.uva.es:10324/7539</identifier><datestamp>2021-06-29T10:16:48Z</datestamp><setSpec>com_10324_38</setSpec><setSpec>col_10324_852</setSpec></header><metadata><record xmlns="http://www.loc.gov/MARC21/slim" xmlns:doc="http://www.lyncode.com/xoai" xmlns:xsi="http://www.w3.org/2001/XMLSchema-instance" xmlns:dcterms="http://purl.org/dc/terms/" xsi:schemaLocation="http://www.loc.gov/MARC21/slim http://www.loc.gov/standards/marcxml/schema/MARC21slim.xsd">
<leader>00925njm 22002777a 4500</leader>
<datafield tag="042" ind1=" " ind2=" ">
<subfield code="a">dc</subfield>
</datafield>
<datafield tag="720" ind1=" " ind2=" ">
<subfield code="a">Villalaín de la Fuente, Juan</subfield>
<subfield code="e">author</subfield>
</datafield>
<datafield tag="260" ind1=" " ind2=" ">
<subfield code="c">2014</subfield>
</datafield>
<datafield tag="520" ind1=" " ind2=" ">
<subfield code="a">Este estudio trata sobre la importancia de los espacios escolares y en concreto del aula de trabajo habitual al ofrecer posibilidades de flexibilidad como premisa básica para obtener un buen espacio donde realizar la actividad docente. Para ello se proponen diferentes opciones materiales, distributivas y estratégicas atendiendo a los principios básicos de confort ambiental, para convertir un aula estándar y sus carencias en un espacio flexible lleno de posibilidades, donde el docente pueda aplicar diferentes metodologías y se pueda atender al cuerpo como factor importante en el desarrollo y aprendizaje del niño. Se busca ofrecer al docente un lugar donde pueda llevar a cabo diferentes tipos de estrategias de enseñanza y aprendizaje y propiciar metodologías activas y participativas, que tantas veces se ven coartadas por el espacio, relegando su labor a metodologías pasivas.</subfield>
</datafield>
<datafield tag="024" ind2=" " ind1="8">
<subfield code="a">http://uvadoc.uva.es/handle/10324/7539</subfield>
</datafield>
<datafield ind1=" " ind2=" " tag="653">
<subfield code="a">Educación - Metodología</subfield>
</datafield>
<datafield ind1=" " ind2=" " tag="653">
<subfield code="a">Aulas - Ambiente</subfield>
</datafield>
<datafield tag="245" ind1="0" ind2="0">
<subfield code="a">Espacios escolares. “El aula flexible”</subfield>
</datafield>
</record></metadata></record></GetRecord></OAI-PMH>